| 000 | 01701cam a22004574i 4500 | ||
|---|---|---|---|
| 003 | PE-LiUPU | ||
| 005 | 20250731173443.0 | ||
| 008 | 150616s1986 bl rb 000 0 por d | ||
| 035 | _a(Sirsi) a5789 | ||
| 040 |
_aPE-LiUPU _bspa _cPE-LiUPU _erda |
||
| 049 | _aPRUA | ||
| 082 | 0 | 4 |
_a289.9 _bA66 _221 |
| 100 | 1 |
_aApolinario, Pedro, _eautor. |
|
| 245 | 1 | 0 |
_aAs Testemunhas de Jeová e Sua Interpretacao da Biblia / _cPedro Apolinario. |
| 264 | 1 |
_aSao Paulo : _bInstituto Adventista de Ensino, _c1986. |
|
| 300 |
_a257 páginas ; _c20 centímetros |
||
| 336 |
_atext _2rdacontent |
||
| 337 |
_aunmediated _2rdamedia |
||
| 338 |
_avolume _2rdacarrier |
||
| 504 | _aBibliografía 253-257. | ||
| 505 | 0 | _aPrincipios e normas de una interpretacao correta -- Hermeneutica e exegece -- Ferramentas necessarias para a interpretacao biblica -- A divindade de Cristo -- A trindade e a biblia -- Nomes para deus. | |
| 526 | _aSEG42 | ||
| 526 | _aSEG41 | ||
| 526 | _aSEG40 | ||
| 526 | _aSEG39 | ||
| 526 | _aP94 | ||
| 526 | _aP87 | ||
| 526 | _aP86 | ||
| 526 | _aP85 | ||
| 526 | _aP77 | ||
| 526 | _aP76 | ||
| 526 | _aP35 | ||
| 630 | 0 | 4 |
_aBiblia _xCrítica, interpretación, etc. _xTestigos de Jehová. |
| 910 |
_ajck _bjvq _cjck |
||
| 942 |
_2ddc _cBOOK |
||
| 949 |
_a289.9 A66 _wDEWEY _c1 _i39262 _lCCODEBUL1 _mBUL _p00.00 _r0 _sY _tBOOK _u19951008 _xTEOLOGIA _zUNKNOWN _0COMPRA _o.STAFF. Colección General |
||
| 994 |
_aC0 _bPEPRU |
||
| 596 | _a1 | ||
| 999 |
_a289.9 A66 _wDEWEY _c56853 _i39262 _f2021-11-12 _g5 _lCCODEBUL1 _mBUL _p39.00 _r0 _sY _tBOOK _u2015-6-16 _xTEOLOGIA _PP35 _0COMPRA _o.STAFF. Colección Teología _d56853 |
||
| 980 |
_81 _gALBERTO SANCHEZ Responsable de Automatización |
||